[Event "Colonia de Sant Jordi op 2nd"]
[Site "Colonia de Sant Jordi"]
[Date "2023.06.14"]
[Round "5"]
[White "Levesque, Guillaume"]
[Black "Farrell, Neil"]
[Result "0-1"]
[WhiteElo "1888"]
[BlackElo "2101"]
[PlyCount "72"]
[EventDate "2023.06.10"]
[EventType "swiss"]
[EventRounds "9"]
[EventCountry "ESP"]
[SourceTitle "CBM 214 Extra"]
[Source "ChessBase"]
[SourceDate "2023.07.31"]
[SourceVersion "1"]
[SourceVersionDate "2023.07.31"]
[SourceQuality "1"]

1. d4 e6 2. c4 Nf6 3. Nc3 Bb4 4. e3 0-0 5. Bd3 d5 6. a3 Bxc3+ 7. bxc3 dxc4 8. Bxc4 c5 9. Ne2 Qc7 10. Ba2 b6 11. 0-0 Ba6 12. Bb2 Nc6 13. c4 Rfd8 14. Rc1 cxd4 15. exd4 b5 16. cxb5 Bxb5 17. Re1 Bxe2 18. Rxe2 Qd6 19. d5 Nxd5 20. Qa4 Nf6 21. Bxf6 gxf6 22. h4 Nd4 23. Re3 Rac8 24. Rf1 Rc7 25. Bb1 f5 26. Qd1 Qf4 27. Qh5 Rcd7 28. Rg3+ Kh8 29. Rg5 f6 30. Rg6 Ne2+ 31. Qxe2 hxg6 32. Qxe6 Qxh4 33. g3 Qd4 34. Qc6 Kg7 35. Re1 Qb6 36. Qc4 Rd1 0-1

[Event "Angers op 15th"]
[Site "Angers"]
[Date "2022.05.28"]
[Round "4"]
[White "Levesque, Guillaume"]
[Black "Bellay, Philippe"]
[Result "1-0"]
[WhiteElo "1791"]
[BlackElo "1815"]
[PlyCount "61"]
[EventDate "2022.05.27"]
[EventType "swiss"]
[EventRounds "6"]
[EventCountry "FRA"]
[SourceTitle "CBM 208 Extra"]
[Source "ChessBase"]
[SourceDate "2022.07.31"]
[SourceVersion "1"]
[SourceVersionDate "2022.07.31"]
[SourceQuality "1"]

1. d4 d5 2. c4 e5 3. dxe5 d4 4. Nf3 Nc6 5. a3 a5 6. e3 Bc5 7. exd4 Nxd4 8. Be2 Bf5 9. Nxd4 Bxd4 10. f4 c6 11. Qb3 Be4 12. Bf3 a4 13. Qd1 Bxb1 14. Rxb1 Qb6 15. Qc2 Ne7 16. Be4 h5 17. Rf1 Bg1 18. h3 h4 19. Ke2 Bd4 20. Rf3 Qa6 21. Be3 0-0-0 22. Rd1 Qb6 23. c5 Qb5+ 24. Bd3 Qb3 25. Bxd4 Rxd4 26. Bf5+ Nxf5 27. Rxb3 g6 28. Rb4 Ng3+ 29. Kf3 Rxd1 30. Qxd1 Rd8 31. Rd4 1-0

[Event "Angers op 15th"]
[Site "Angers"]
[Date "2022.05.27"]
[Round "1"]
[White "Batteux, Mickael"]
[Black "Levesque, Guillaume"]
[Result "1-0"]
[WhiteElo "2006"]
[BlackElo "1791"]
[PlyCount "143"]
[EventDate "2022.05.27"]
[EventType "swiss"]
[EventRounds "6"]
[EventCountry "FRA"]
[SourceTitle "CBM 208 Extra"]
[Source "ChessBase"]
[SourceDate "2022.07.31"]
[SourceVersion "1"]
[SourceVersionDate "2022.07.31"]
[SourceQuality "1"]

1. d4 d5 2. Nf3 Nf6 3. g3 e6 4. Bg2 Be7 5. 0-0 0-0 6. c4 c6 7. Qc2 Nbd7 8. Nbd2 b6 9. e4 Bb7 10. b3 Rc8 11. Bb2 c5 12. exd5 exd5 13. dxc5 Bxc5 14. Rad1 Qc7 15. Qb1 Rfe8 16. b4 Bf8 17. cxd5 Bxd5 18. a3 Qb7 19. Rfe1 a5 20. Bd4 axb4 21. axb4 h6 22. b5 Bc5 23. Bxc5 Nxc5 24. Rxe8+ Rxe8 25. Re1 Rxe1+ 26. Qxe1 Ne6 27. Qe5 Qc8 28. h3 Qc5 29. Qb2 Nc7 30. Nd4 Bxg2 31. Kxg2 Qd5+ 32. N2f3 Ne4 33. Qc2 Ne6 34. Nxe6 fxe6 35. Qc6 Qxc6 36. bxc6 Kf8 37. Nd4 Ke7 38. Nb5 Nc5 39. Kf3 Nb3 40. Ke4 Na5 41. Nd4 b5 42. c7 Kd7 43. Nxb5 Nc4 44. f4 Nd2+ 45. Ke3 Nf1+ 46. Kf2 Nd2 47. Ke3 Nf1+ 48. Kf3 Nd2+ 49. Kg4 Ne4 50. Nd4 Nf6+ 51. Kf3 Kxc7 52. Nxe6+ Kd7 53. Nxg7 h5 54. Nf5 Ke6 55. Ne3 Kf7 56. g4 hxg4+ 57. hxg4 Kg6 58. Nc4 Kf7 59. g5 Nd5 60. Kg4 Kg6 61. f5+ Kg7 62. Kf3 Kf7 63. Ke4 Ne7 64. Ne5+ Kg8 65. f6 Nc8 66. Nc4 Na7 67. g6 Nc6 68. Ne5 Nd8 69. Kf5 Kf8 70. Nd7+ Kg8 71. Nc5 Nc6 72. f7+ 1-0